| Virtuální polytechnická knihovna - Souborný katalog - Úplný záznam dokumentu - MARC |
Uživatel: --- |
-----nas 22-----zu 4500
001 SKVPK0031881
003 CZ-VPK
005 20260423083206.0
008 260423d19451949||||| | ||| || |||||||
040 $aABA013$bcze
222 0$aObzor západočeských elektráren
245 00$aObzor západočeských elektráren
260 $aČeská Republika :$bPlzeň : ZOS ROH Západočeských elektráren,$c1945-1949
650 07$aenergetika$xen$2psh
785 00$tObzor Plzeňských energetických rozvodných závodů
910 $aABA013$r1948-1949
| středa 13.05.2026 20:13:40 |
© 2001-2015 Národní technická knihovna |
[Virtuální polytechnická knihovna]
[Servisní centrum]
[Souborný katalog]